000 00447nam a2200181Ia 4500
001 9602
005 20260306161730.0
008 260306t2010||||xx |||||||||||||| ||spa||
041 _aESP
082 _a382.6
_bF16
100 _aFairlie Reinoso, Alan
_eAUT
245 0 _aBiocomercio en el Perú:
_bExperiencias y propuestas
260 _c2010
300 _a260 páginas :
_c21 cm.
650 _aGEN
654 _aCAN
942 _cLIB
_dJUS
_fJUS
_2ddc
_n
999 _c9602
_d9602